Society : a documentary history of Hong Kong

Αποθηκεύτηκε σε:
Λεπτομέρειες βιβλιογραφικής εγγραφής
Άλλοι συγγραφείς: Faure, David (Επιμελητής έκδοσης)
Μορφή: Βιβλίο
Γλώσσα:English
Δημοσίευση: Hong Kong : Hong Kong University Press, c1997.
Θέματα:
Ετικέτες: Προσθήκη ετικέτας
Δεν υπάρχουν, Καταχωρήστε ετικέτα πρώτοι!

MARC

LEADER 00000cam a2200000 i 4500
001 1/100390
008 000201s1997 eng d
020 |a 9622093930 
035 |l 10057259 
040 |a GR-MY-UA  |b gre  |e aacr 
041 0 |a eng 
082 0 |a 951.25 
245 1 0 |a Society :  |b a documentary history of Hong Kong /  |c edited by David Faure.  
260 |a Hong Kong :   |b Hong Kong University Press,   |c c1997.  
300 |a x, 385 σ.  
504 |a Περιλαμβάνει βιβλιογραφικές παραπομπές και ευρετήριο.  
651 0 |a Hong Kong (China)  |x Social conditions. 
651 0 |a Hong Kong (China)  |x History  |x Sources. 
700 1 |a Faure, David,  |e edt 
852 |a INST  |b LESVOS  |e 20000201  |h 951.25 SOC  |p 005100021316  |q 005100021316  |t BK  |y 0 
901 |a BIBL1-2000-2 
909 |a Λ  |b 073340 
922 |a 1ΕΛΗ  |b 200001  |c ΚΠΣ/ΤΓ  |d LEADER 
950 |a 118-1999-09-03 
970 |z 2000/07/ΔΕΜΕΝΑΓΑΣ